Persona y Familia Revista del Instituto de la Familia

Bibliographic Details
Format: eBook
Language:Spanish
Published: Lima: Universidad Femenina del Sagrado Corazn̤ (UNIFE), 2012 -
Subjects:
Online Access:Acceso restringido

MARC

LEADER 00000nam a22000007a 4500
005 20220816225115.0
007 cr|||| ||||
008 220816c20129999pe ar|w s|||| 0|||b1spa d
022 |a 2310-3345 
035 |a 36690 
040 |a vLex 
090 |c 13700  |d 13700 
245 0 0 |a Persona y Familia  |h [Recurso electrn̤ico] :  |b Revista del Instituto de la Familia 
256 |a Servicio en ln̕ea 
260 |a Lima:  |b Universidad Femenina del Sagrado Corazn̤ (UNIFE),  |c 2012 - 
300 |a 1 recurso electrn̤ico 
310 |a Anual 
362 |a Nð 1 (Ene. 2012) - 
506 1 |a Disponible solo en los productos indicados  |d vLex Global  |d vLex Global (Academic Edition, excluding Law Schools)  |d vLex Global (U.S. Academic Edition, Law Schools)  |d vLex Global (U.S. Academic Edition, excluding Law Schools)  |d vLex Global (Academic Edition, Law Schools) 
650 0 4 |a Derecho Civil  |z Per︢ 
740 0 |a vLex Revistas (Servicio en ln̕ea) 
856 4 0 |u https://app.vlex.com/#/sources/36690  |z Acceso restringido 
942 |c REV 
999 0 |a Civil Law